| 000 | 01019nam0a22002531 4500 | ||
|---|---|---|---|
| 001 | rc\2796575 | ||
| 005 | 20230601112751.0 | ||
| 035 | _a(NLR Aleph) 006922621 | ||
| 090 |
_a7463111 _c7463111 |
||
| 100 | _a20110915d1936 |||y0rusy50 ca | ||
| 101 | 0 | _arus | |
| 102 | _aRU | ||
| 105 | _ay z ||||| | ||
| 200 | 1 |
_aМетодические указания консультантам по русскому языку _fСост. К. С. Гречушкина _gКрестьян. газ. Заоч. курсы ред. колхоз. и бригадных стенгазет |
|
| 210 |
_a[Москва] _cизд. и тип. изд-ва "Крестьян. газ." _d1936 |
||
| 215 |
_a8 с. _d22х14 см. |
||
| 700 | 1 |
_aГречушкина _bК. С. _gКлавдия Сергеевна |
|
| 712 | 1 | 2 | _aЗаочные курсы ред. бригадных стенгазет (Москва) |
| 801 | 0 |
_aRU _bNLR _gpsbo |
|
| 801 | 1 |
_aRU _bELAR _2rusmarc |
|
| 852 |
_aNLR _j36-11/2235 |
||
| 942 | _cBOOK | ||
| 980 | _aNB | ||